LEADER 01092nam a2200241|i 4500 001 991003597469707536 005 20021219124251.0 008 020307s|||| it u u itauu 035 $ab11837068-39ule_inst 035 $aLE02736504$9ExL 040 $aDip.to Studi Giuridici$bita 082 0 $a342.45 110 2 $aPresidenza del Consiglio dei Ministri$0528942 245 10$aCittadini e Pubblica Amministrazione :$bindagine sull'attuazione delle leggi sull'autonomia locale e sul procedimento amministrativo /$cPresidenza del Consiglio dei Ministri, Dipartimento per la Funzione Pubblica 260 0 $aRoma :$bIstituto Poligrafico e Zecca dello Stato,$c1994 300 $a165 p. ;$c29 cm. 490 0 $aQuaderni del Dipartimento per la funzione pubblica ;$v25 907 $a.b11837068$b27-04-17$c20-12-02 912 $a991003597469707536 945 $aLE027 342.45 PCM01.12$g1$iLE027-10054$lle027$o-$pE0.00$q-$rl$s- $t0$u0$v0$w0$x0$y.i1208847x$z20-12-02 996 $aCittadini e Pubblica Amministrazione$9897945 997 $aUNISALENTO 998 $ale027$b01-01-02$cm$da $e-$fita$git $h0$i1 LEADER 01415nam0 22003251i 450 001 UON00062256 005 20231205102312.652 010 $a09-00-02509-3 100 $a20020107d1974 |0itac50 ba 101 $aeng 102 $aGB 105 $a||||p ||||| 200 1 $aWar-lords$fSima Qian$gtranslated with twelve other stories from historical records by William Dolby and John Scott 210 $aEdinburgh$cSothside$d1974 215 $a168 p.$d22 cm 606 $aCINA$xSTORIA$xDINASTIA HAN (202 a.C.- 220 d.C.)$xFONTI$3UONC004847$2FI 620 $aGB$dEdinburgh$3UONL003034 686 $aCIN IV AA$cCina - Storia antica fine guerra dell'oppio (1839) - Fonti$2A 700 0$aSima Qian (ca. 145-ca. 86 a.C.$3UONV016477$0638066 712 $aSouthside$3UONV255927$4650 790 0$aSSU-MA Chien$zSima Qian (ca. 145-ca. 86 a.C.$3UONV016476 790 0$aSZUMA Chien$zSima Qian (ca. 145-ca. 86 a.C.$3UONV034220 790 0$aSE-MA Tcheng$zSima Qian (ca. 145-ca. 86 a.C.$3UONV097775 790 0$aSE MA T'sien$zSima Qian (ca. 145-ca. 86 a.C.$3UONV290084 801 $aIT$bSOL$c20250711$gRICA 899 $aSIBA - SISTEMA BIBLIOTECARIO DI ATENEO$2UONSI 912 $aUON00062256 950 $aSIBA - SISTEMA BIBLIOTECARIO DI ATENEO$dSI CIN IV AA 133 N $eSI SA 96065 5 133 N 996 $aWar-lords$91172852 997 $aUNIOR